000 00593nam a2200169Ia 4500
005 20250423100845.0
008 250422s9999 xx 000 0 und d
020 _a9780323479608
050 _aRT 55 .S55/
100 _aSilvestri, Linda Anne...[et al.]
245 0 _aSaunders 2018-2019 strategies for test success : passing nursing school and the NCLEX exam
250 _a5th ed.
260 _c2018
300 _a240 p
650 _aNursing Care--methods--Examination Questions. Nursing Process--Examination Questions. Test Taking Skills--methods--Examination Questions.
942 _cBK
999 _c34550
_d34550